Hiirijahti - satunnaisia pinkkejä valtioita - Statistics

Yleistilastot
  • Tätä visaa on pelattu 2 962 kertaa
  • Keskiarvotulos 6 / 10
Vastaukset kartalla
Vastauksille on annettu kartalla punavihreä väri sen mukaan, kuinka moni on saanut sen oikein.
 
Vastaustilastot
valtio % Oikein
Kanada
100%
Australia
97%
Brasilia
97%
Suomi
97%
Yhdysvallat
97%
Venäjä
96%
Espanja
95%
Intia
95%
Ranska
95%
Saksa
95%
Kiina
94%
Meksiko
93%
Ruotsi
92%
Argentiina
90%
Ukraina
89%
Iran
88%
Turkki
88%
Algeria
87%
Norja
87%
Kolumbia
86%
Saudi-Arabia
86%
Egypti
85%
Peru
85%
Indonesia
84%
Italia
84%
Kazakstan
84%
Tanska
84%
Kreikka
83%
Yhdistynyt kuningaskunta
83%
Chile
82%
Etelä-Afrikka
82%
Puola
82%
Thaimaa
82%
Kongon demokraattinen tasavalta
81%
Pakistan
81%
Romania
81%
Valko-Venäjä
79%
Libya
78%
Marokko
78%
Portugali
78%
Niger
77%
Uusi-Seelanti
77%
Venezuela
77%
Bolivia
76%
Nigeria
76%
Irak
75%
Sudan
75%
Angola
73%
Etiopia
73%
Japani
73%
Madagaskar
73%
Mali
73%
Mongolia
73%
Serbia
73%
Myanmar
71%
Somalia
71%
Tšekki
71%
Papua-Uusi-Guinea
70%
Uzbekistan
70%
Afganistan
69%
Bulgaria
69%
Tšad
69%
Irlanti
67%
Kuuba
67%
Turkmenistan
67%
Unkari
67%
Liettua
65%
Namibia
65%
Vietnam
65%
Jemen
64%
Botswana
63%
Itävalta
63%
Kenia
63%
Kiribati
63%
Latvia
63%
Mosambik
63%
Norsunluurannikko
63%
Pohjois-Korea
63%
Sambia
62%
Alankomaat
61%
Mauritania
61%
Paraguay
61%
Tansania
60%
Bosnia ja Hertsegovina
59%
Guyana
59%
Nicaragua
59%
Oman
59%
Kroatia
58%
Syyria
58%
Filippiinit
57%
Ghana
57%
Laos
57%
Malesia
57%
Suriname
57%
Uruguay
57%
Ecuador
56%
Guinea
56%
Keski-Afrikan tasavalta
56%
Bahama
55%
Honduras
55%
Islanti
55%
Mikronesia
55%
Panama
55%
Slovakia
55%
Zimbabwe
55%
Etelä-Sudan
54%
Nepal
54%
Pohjois-Makedonia
53%
Sveitsi
53%
Kongon tasavalta
52%
Albania
51%
Belgia
51%
Viro
51%
Etelä-Korea
49%
Senegal
49%
Bangladesh
48%
Burkina Faso
48%
Dominikaaninen tasavalta
48%
Kirgisia
48%
Georgia
47%
Yhdistyneet arabiemiraatit
47%
Salomoninsaaret
45%
Guatemala
44%
Haiti
44%
Jordania
44%
Malediivit
44%
Kamerun
43%
Seychellit
43%
Costa Rica
42%
Kambodža
42%
Tuvalu
42%
Benin
41%
Eritrea
41%
Gabon
41%
Israel
40%
Mauritius
40%
Malta
39%
Lesotho
38%
Marshallinsaaret
38%
Palau
38%
Fidži
37%
Kap Verde
37%
Tadžikistan
37%
Samoa
36%
Togo
36%
Azerbaidžan
35%
Liberia
35%
Moldova
35%
Ruanda
35%
Tonga
35%
Vanuatu
35%
Kosovo
34%
Sierra Leone
34%
Montenegro
32%
Slovenia
32%
Uganda
32%
El Salvador
31%
Tunisia
31%
Bhutan
30%
Jamaika
30%
Nauru
30%
São Tomé ja Príncipe
29%
Armenia
28%
Belize
27%
Kypros
27%
Taiwan
27%
Guinea-Bissau
25%
Libanon
25%
Malawi
25%
Eswatini
23%
Komorit
23%
Päiväntasaajan Guinea
19%
Sri Lanka
19%
Luxemburg
16%
Qatar
16%
Burundi
13%
Djibouti
13%
Gambia
12%
Kuwait
11%
Itä-Timor
7%
Trinidad ja Tobago
5%
Brunei
4%
Ehtoja vastaavia visoja ei löytynyt
Tulosjakauma
Jokaisen tuloksen saaneiden osuus
Persentiili vastausten määrän mukaan
Tuloshistoriasi
Et ole pelannut tätä visaa